000 00785nam a2200217 a 4500
001 86515
003 BD-RjUL
005 20260519113846.0
008 260519s1977 ii ||||| |||| 00| 0 urd d
035 _a(BD-RjUL)86515
040 _aBD-RjUL
_beng
_cBD-RjUL
041 _aurd
082 _223
_a891.43909
_bHAY 1959
100 _aحالی ، خواجہ الطاف حسین ;; Hali, Khawaja Altaf Hussain
_915807
245 _aيادگار غالب اور حالی/ / Yādgār-i Ġālib aur Hali /
_cAltaf hussain Hali ;; از خواجه الطاف حسين حالى
260 _aNewDelhi :
_bمکتبۃ جامعہ ;
_c1959
300 _a224 p. ;
_c18 cm
650 _aUrdu poetry
_vHistory and criticism
_98497
650 _aPoets, Urdu
_vBiography
_zIndia
_915809
942 _2ddc
_cBK
999 _c86515
_d86515